000 00451nam a2200157Ia 4500
008 230312s9999||||xx |||||||||||||| ||und||
020 _a0-19-511470-1
082 _a332.632
_bDUB
100 _aDavid A. Dubofsky
245 0 _aDERIVATIVES
260 _bOxford University Press
_aNew York
_c2003
300 _a646
546 _aEng.
650 _aManagement
_vIntroduction to Derivatives and Risk Management, Forward Contacts and Future
942 _cBK
999 _c2340
_d2340